000 01003nam a22002417a 4500
005 20180226143552.0
010 _a1617EN ENG-116983
020 _a9788131607893
_c940.00
035 _aEN-100515
035 _aB-648079-086
035 _aB-664873
037 _bMallika
_adpl
037 _bDBAD/PUB
082 _a362.76095479
100 _aPande, Rama Achyut
245 _aSexual abuse of girl children :
_cby Rama Achyut Pande
_bsome hidden facts /
260 _aNew Delhi
_bRawat Publications
_c2016
270 _a4858/24, Ansari Road, Daryaganj
_bNew Delhi
_e110002
300 _ax,201p.
_c24cm(hb)
_billus.
942 _2ddc
_cEN
_h362.76095479
_mPAN
999 _c102297
_d102297